Statistiken für S-Bahn München

Klicken Sie hier um das Quiz zu spielen!

Allgemein

  • Dieses Quiz wurde 152 mal gespielt
    (34 seit der letzten Aktualisierung)
  • Das Durchschnittsergebnis liegt bei 133 aus 240

Antwortstatistiken

LinieBahnhof% Korrekt
Hauptbahnhof
100%
Flughafen München
96%
Marienplatz
93%
Karlsplatz (Stachus)
89%
Ostbahnhof
89%
Hackerbrücke
86%
Donnersbergerbrücke
82%
Freising
82%
Pasing
82%
Rosenheimer Platz
79%
Dachau Bahnhof
75%
Hirschgarten
75%
Laim
75%
Isartor
71%
Zw. 2Besucherpark
68%
S2Erding
68%
Ismaning
68%
Petershausen
68%
Wolfratshausen
68%
S4 | S6Ebersberg
64%
Feldmoching
64%
Starnberg
64%
Giesing
61%
Haar
61%
Herrsching
61%
S3Holzkirchen
61%
S7Kreuzstraße
61%
S1Leuchtenbergring
61%
Unterschleißheim
61%
Altomünster
57%
Germering-Unterpfaffenhofen
57%
Moosach
57%
Oberschleißheim
57%
Olching
57%
Allach
54%
Fürstenfeldbruck
54%
Heimeranplatz
54%
Mammendorf
54%
Neufahrn
54%
St.-Martin-Straße
54%
Tw. EndeTrudering
54%
Unterhaching
54%
Westkreuz
54%
Aying
50%
Zw. 1Dachau Stadt
50%
Deisenhofen
50%
Eching
50%
Geltendorf
50%
Höhenkirchen-Siegertsbrunn
50%
Höllriegelskreuth
50%
Ottobrunn
50%
Tutzing
50%
Untermenzing
50%
Vaterstetten
50%
Vatterstetten
50%
Berg am Laim
46%
Fasanerie
46%
Gilching-Argelsried
46%
Grafing Bahnhof
46%
Langwied
46%
Maisach
46%
Markt Schwaben
46%
Neuperlach Süd
46%
Obermenzing
46%
Pullach
46%
Altenerding
43%
Dürrnhaar
43%
Fasangarten
43%
Harras
43%
Lochhausen
43%
Lohhof
43%
Malching
43%
Perlach
43%
Puchheim
43%
Riem
43%
Siemenswerke
43%
Solln
43%
Starnberg Nord
43%
Unterföhring
43%
Zorneding
43%
Baierbrunn
39%
Ebenhausen-Schäftlarn
39%
Esting
39%
Großhesselohe Isartalbahnhof
39%
Hallbergmoos
39%
Icking
39%
Karlsfeld
39%
Mittersendling
39%
Peiß
39%
Sauerlach
39%
Taufkirchen
39%
Türkenfeld
39%
Aubing
36%
Erdweg
36%
Fasanenpark
36%
Freiham
36%
Gauting
36%
Gröbenzell
36%
Hohenbrunn
36%
Hohenschäftlarn
36%
Otterfing
36%
Poing
36%
Zw. 1Pulling
36%
Feldkirchen
32%
Gernlinden
32%
Gräfelfing
32%
Grafing Stadt
32%
Grafrath
32%
Zw. 2Hebertshausen
32%
Johanneskirchen
32%
Markt Indersdorf
32%
Neubiberg
32%
Planegg
32%
Röhrmoos
32%
Vierkirchen-Esterhofen
32%
Wächterhof
32%
Weßling
32%
Baldham
29%
Buchenau
29%
Buchenhain
29%
Daglfing
29%
Furth
29%
Großhelfendorf
29%
Heimstetten
29%
Lochham
29%
Neugilching
29%
Possenhofen
29%
St. Koloman
29%
Stockdorf
29%
Kirchseeon
25%
Leienfelsstraße
25%
Ottenhofen
25%
Seefeld-Hechendorf
25%
Aufhausen
21%
Bachern
21%
Eichenau
21%
Englschalking
21%
Gronsdorf
21%
Grub
21%
Harthaus
21%
Kleinberghofen
21%
Neuaubing
21%
Schöngeising
21%
Schwabhausen
21%
Arnbach
18%
Eglharting
18%
Feldafing
18%
Niederroth
18%
Steinebach
18%
Geisenbrunn
14%

Verteilung der Resultate

Perzentil nach korrekt beantworteten Fragen

Anzahl Personen mit jedem Resultat

Ihre Resultats-Entwicklung

Sie haben dieses Quiz seit der letzten Aktualisierung nicht gespielt